|
|
|
|
| LEADER |
00000nas a2200000 a 4500 |
| 001 |
ssj0012636 |
| 003 |
WaSeSS |
| 005 |
20200512172242.0 |
| 006 |
m d |
| 007 |
cr n |
| 008 |
050614c19879999cauar p s 0 0eng c |
| 010 |
|
|
|a 2007228593
|
| 022 |
|
|
|y 0896-0194
|
| 035 |
|
|
|a (WaSeSS)ssj0012636
|
| 040 |
|
|
|a OCLCS
|b eng
|c OCLCS
|d DOS
|d OCLCQ
|d OCLCF
|d OCLCO
|d OCLCQ
|d OCLCO
|d GZL
|d OCL
|d AU@
|d WaSeSS
|
| 042 |
|
|
|a pcc
|
| 043 |
|
|
|a n-us---
|
| 050 |
1 |
4 |
|a K2
|b .L3
|
| 082 |
0 |
4 |
|a 340.5
|
| 130 |
0 |
|
|a National Black law journal (Online)
|
| 245 |
1 |
0 |
|a National Black law journal
|h [electronic resource].
|
| 260 |
|
|
|a [Los Angeles, Calif.] :
|b [UCLA School of Law]
|
| 310 |
|
|
|a Annual,
|b 2010-
|
| 321 |
|
|
|a Two issues yearly,
|b spring 1993-2008/2009
|
| 321 |
|
|
|a Three issues yearly,
|b winter 1987-winter 1993
|
| 362 |
1 |
|
|a Began with vol. 10, no. 1 (winter 1987).
|
| 500 |
|
|
|a Published: Los Angeles, Calif. : UCLA School of Law, 1987-1998/99; New York, NY : Columbia Law School, 1999/2000-2008/2009; UCLA School of Law, 2010-
|
| 500 |
|
|
|a Some issues published by students of other law schools through a consortium agreement with UCLA School of Law, and later with Columbia Law School, and have edition statements naming the school (e.g., summer 1991 issue called: University of Texas School of Law ed.).
|
| 506 |
|
|
|a License restrictions may limit access.
|
| 515 |
|
|
|a Vol. 15 complete in one issue.
|
| 515 |
|
|
|a No issues published 2011-2014.
|
| 538 |
|
|
|a Mode of access: World Wide Web.
|
| 588 |
|
|
|a Description based on first issue; title from issue contents screen (Hein Online, viewed Sept. 12, 2007).
|
| 588 |
|
|
|a Latest issue consulted: Vol. 25, no. 1 (2016) (eScholarship, viewed August 14, 2017).
|
| 650 |
|
0 |
|a Civil rights
|z United States
|v Periodicals.
|
| 650 |
|
0 |
|a Race discrimination
|z United States
|v Periodicals.
|
| 650 |
|
0 |
|a African Americans
|x Legal status, laws, etc.
|v Periodicals.
|
| 650 |
|
7 |
|a African Americans
|x Legal status, laws, etc.
|2 fast
|0 (OCoLC)fst00799632
|
| 650 |
|
7 |
|a Civil rights.
|2 fast
|0 (OCoLC)fst00862627
|
| 650 |
|
7 |
|a Race discrimination.
|2 fast
|0 (OCoLC)fst01086465
|
| 651 |
|
7 |
|a United States.
|2 fast
|0 (OCoLC)fst01204155
|
| 655 |
|
0 |
|a Electronic journals.
|
| 710 |
2 |
|
|a University of California, Los Angeles.
|b School of Law.
|
| 710 |
2 |
|
|a Columbia University.
|b School of Law.
|
| 776 |
0 |
8 |
|i Print version, 1987-2015:
|t National Black law journal
|x 0896-0194
|w (DLC) 92645976
|w (OCoLC)15539513
|
| 780 |
0 |
0 |
|t Black law journal (Online)
|w (DLC) 2007228594
|w (OCoLC)69995369
|
| 856 |
4 |
0 |
|z Full text available from Research Library: 12/01/1997 to 01/01/2000
|u https://search.proquest.com/publication/47217
|
| 856 |
4 |
0 |
|z Full text available from Research Library: 01/01/2003 to 12/31/2003
|u https://search.proquest.com/publication/47217
|